Statistics for London Underground

Click here to take the quiz!

General Stats

  • This quiz has been taken 28 times
  • The average score is 4 of 6

Answer Stats

StartDirectionAnswer% Correct
Piccadilly Circus3 stops East on Picadilly line then 3 stops east on Central lineBank
84%
Kings Cross3 stops south on Northern line then 2 stops west on Metropolitan lineFarringdon
80%
Elephant and Castle2 stops north on northern line then 2 east on Jubilee lineCanada water
76%
Turnham green6 stops east on district line then 4 east on piccadilly lineHyde park corner
64%
Ealing broadway8 stops east on Central lineQueensway
60%
Woolwich Arsenal3 stops north on DLRPontoon dock
40%

Score Distribution

Percentile by Number Answered

Percent of People with Each Score

Your Score History

You have not taken this quiz